<?xml version="1.0" encoding="UTF-8"?>
<record
    xmlns:xsi="http://www.w3.org/2001/XMLSchema-instance"
    xsi:schemaLocation="http://www.loc.gov/MARC21/slim http://www.loc.gov/standards/marcxml/schema/MARC21slim.xsd"
    xmlns="http://www.loc.gov/MARC21/slim">

  <leader>01726    a2200229   4500</leader>
  <controlfield tag="001">38245</controlfield>
  <controlfield tag="005">20260407155647.0</controlfield>
  <controlfield tag="008">260407a2015    arg                 spa d</controlfield>
  <controlfield tag="003">AR-UNSa-BCEJYS</controlfield>
  <datafield tag="040" ind1=" " ind2=" ">
    <subfield code="a">AR-UNSa-BCEJYS</subfield>
    <subfield code="b">spa</subfield>
    <subfield code="c">AR-UNSa-BCEJYS</subfield>
  </datafield>
  <datafield tag="080" ind1=" " ind2=" ">
    <subfield code="a">340.12</subfield>
    <subfield code="x">Tendencias en la teor&#xED;a del derecho. Escuelas, doctrinas jur&#xED;dicas. Filosof&#xED;a del derecho. Teor&#xED;as sobre el Estado y el derecho
</subfield>
  </datafield>
  <datafield tag="245" ind1="1" ind2="0">
    <subfield code="a">Derecho y literatura</subfield>
    <subfield code="p">textos y contextos</subfield>
  </datafield>
  <datafield tag="020" ind1=" " ind2=" ">
    <subfield code="a">978-950-23-2519-4</subfield>
  </datafield>
  <datafield tag="264" ind1=" " ind2="1">
    <subfield code="a">Buenos Aires :</subfield>
    <subfield code="b">EUDEBA (Editorial Universitaria de Buenos Aires)</subfield>
    <subfield code="c">2015</subfield>
  </datafield>
  <datafield tag="300" ind1=" " ind2=" ">
    <subfield code="a">270 p.</subfield>
    <subfield code="c">22 cm.</subfield>
  </datafield>
  <datafield tag="505" ind1=" " ind2=" ">
    <subfield code="a">1. Introducci&#xF3;n / Jorge Roggero - 2. Derecho y literatura: un no manifiesto / James Boyd White - 3. Comunidades, textos y derecho: reflexiones sobre el movimiento "Derecho y Literatura" / Robin West - 4. La educaci&#xF3;n jur&#xED;dica y la imaginaci&#xF3;n democr&#xE1;tica / Ian Ward - 5. El derecho en la pantalla / Peter Goodrich - 6. Trabajando en cadena. La interpretaci&#xF3;n en derecho y literatura / Stanley Fish - 7. El reflejo del derecho en la literatura / Francois Ost - 8. Derecho y literatura. Intersecciones instrumental, estructural e institucional / Jos&#xE9; Calvo Gonz&#xE1;lez - 9. Derecho y literatura. Algo de lo que s&#xED; se puede hablar pero en voz baja / Enrique Eduardo Mar&#xED; - 10. Porcia y la funci&#xF3;n parad&#xF3;jica del derecho / Carlos Mar&#xED;a C&#xE1;rcova - 11. Hay "derecho y literatura" en la Argentina / Jorge Roggero - 12. Derecho y literatura como teor&#xED;a cr&#xED;tica del derecho </subfield>
  </datafield>
  <datafield tag="041" ind1=" " ind2=" ">
    <subfield code="a">spa</subfield>
  </datafield>
  <datafield tag="942" ind1=" " ind2=" ">
    <subfield code="c">BK</subfield>
  </datafield>
  <datafield tag="590" ind1=" " ind2=" ">
    <subfield code="a">niveau_biblio:m niveau_hierar:0</subfield>
  </datafield>
  <datafield tag="100" ind1="1" ind2=" ">
    <subfield code="a">Roggero, Jorge</subfield>
  </datafield>
  <datafield tag="856" ind1="4" ind2="1">
    <subfield code="u">https://biblioeco.unsa.edu.ar/pmb/images/libros/dchoLit_roggero.jpg</subfield>
    <subfield code="y">Imagen de portada</subfield>
    <subfield code="q">image/jpeg</subfield>
  </datafield>
  <datafield tag="999" ind1=" " ind2=" ">
    <subfield code="c">2867</subfield>
    <subfield code="d">2867</subfield>
  </datafield>
  <datafield tag="952" ind1=" " ind2=" ">
    <subfield code="0">0</subfield>
    <subfield code="1">0</subfield>
    <subfield code="4">0</subfield>
    <subfield code="7">0</subfield>
    <subfield code="a">BCEJYS</subfield>
    <subfield code="b">BCEJYS</subfield>
    <subfield code="c">16</subfield>
    <subfield code="d">2026-04-07</subfield>
    <subfield code="l">0</subfield>
    <subfield code="o">340.12 R733</subfield>
    <subfield code="p">L125747</subfield>
    <subfield code="r">2026-04-07 15:56:47</subfield>
    <subfield code="w">2026-04-07</subfield>
    <subfield code="y">L</subfield>
  </datafield>
</record>
